000 00982cam a22002654a 4500
001 11794740
005 20180131072449.0
008 990928s2000 enk b 001 0 eng c
010 _a 99049548
020 _a0195128303 (alk. paper)
035 _a(DNLM)100897006
040 _aDNLM/DLC
_cDLC
_dDLC
041 _aeng
042 _apcc
060 1 0 _aWA 105
_bG328 2000
080 _a616.042 KHO
082 0 0 _a616.042 KHO
_221
100 _a6
101 _aGJEN
245 0 0 _aGenetics and public health in the 21st century :
_cedited by Muin J. Khoury, Wylie Burke, Elizabeth J. Thomson.
504 _aIncludes bibliographical references and index.
906 _a7
_bcbc
_corignew
_d1
_eocip
_f19
_gy-gencatlg
942 _2ddc
_cBK
999 _c41380
_d41380